000 00266nam a22001097a 4500
008 170118b xxu||||| |||| 00| 0 eng d
020 _a9780131124875
041 _aeng
080 _27TH
_a618.2
245 _aPREHISPITAL EMERGENCY CARE
_cMISTOVICH, J.J
942 _2udc
_cBK
999 _c3043
_d3043